000 00523nam a2200121Ia 4500
008 151213s9999 xx 000 0 und d
100 _aশ্রী দীনেশ চন্দ্র দেবনাথ।
245 _aহিন্দু আইন।
_cশ্রী দীনেশ চন্দ্র দেবনাথ।
260 _aঢাকা
_bকামরুল বুক হাউস।
_c2008
300 _a2110 p.
700 _aশ্রী দীনেশ চন্দ্র দেবনাথ।
999 _c1557
_d1557